Hacienda, mercado y poder : (Record n. 11221)

Dettagli MARC
000 -LEADER
fixed length control field 01310nam a2200277 i 4500
003 - CONTROL NUMBER IDENTIFIER
control field IT-RoINE
005 - DATE AND TIME OF LATEST TRANSACTION
control field 20200423125510.0
008 - FIXED-LENGTH DATA ELEMENTS--GENERAL INFORMATION
fixed length control field 160210s2015 sp a |r|||| 000|| spa|d
020 ## - INTERNATIONAL STANDARD BOOK NUMBER
International Standard Book Number 9788496186972
040 ## - CATALOGING SOURCE
Original cataloging agency SpMaBN
Transcribing agency SpMaBN IT-RoINE
Modifying agency IT-RoINE
245 00 - TITLE STATEMENT
Title Hacienda, mercado y poder :
Remainder of title al norte de la Corona de Castilla en el tránsito del medievo a la modernidad /
Statement of responsibility, etc Ernesto García Fernández, Juan A. Bonachía Hernando (editores).
260 ## - PUBLICATION, DISTRIBUTION, ETC. (IMPRINT)
Place of publication, distribution, etc Valladolid :
Name of publisher, distributor, etc Castilla Ediciones,
Date of publication, distribution, etc 2015.
300 ## - PHYSICAL DESCRIPTION
Extent 527 p. :
Other physical details il., gráf., mapas ;
Dimensions 24 cm.
336 ## - CONTENT TYPE
Content type term Texto (visual)
Source isbdcontent
337 ## - MEDIA TYPE
Source rdamedia
Media type term unmediated
338 ## - CARRIER TYPE
Source rdacarrier
Carrier type term volume
490 1# - SERIES STATEMENT
Series statement Colección de historia
500 ## - GENERAL NOTE
General note Parte del proyecto I+D "Poder, sociedad y fiscalidad en la Corona de Castilla: un estudio comparado de la Meseta Norte y de la Cornisa Cántabra en el tránsito del medievo a la modernidad" (HAR2011-27016-C02).
504 ## - BIBLIOGRAPHY, ETC. NOTE
Bibliography, etc Incluye referencias bibliográficas.
650 #4 - SUBJECT ADDED ENTRY--TOPICAL TERM
9 (RLIN) 15028
Topical term or geographic name as entry element Hacienda pública
General subdivision Historia
Geographic subdivision España
651 #4 - SUBJECT ADDED ENTRY--GEOGRAPHIC NAME
9 (RLIN) 11350
Geographic name España
General subdivision Condiciones económicas
Chronological subdivision Siglos 16o.-17o.
700 1# - ADDED ENTRY--PERSONAL NAME
Personal name García Fernández, Ernesto,
Dates associated with a name 1957-
9 (RLIN) 14129
700 1# - ADDED ENTRY--PERSONAL NAME
Personal name Bonachía, Juan Antonio
9 (RLIN) 12625
830 #0 - SERIES ADDED ENTRY--UNIFORM TITLE
Uniform title Colección de historia (Castilla Ediciones)
9 (RLIN) 22939
942 ## - ADDED ENTRY ELEMENTS (KOHA)
Item type Monografías
Dati di copia
Withdrawn status Lost status Damaged status Not for loan Home library Current library Date acquired Total Checkouts Full call number Barcode Date last seen Price effective from Koha item type
        Iglesia Nacional Española en Roma Iglesia Nacional Española en Roma 21/03/2016   HIS.ESP.3. 713 22675 21/03/2016 21/03/2016 Monografías